Этика: учебник для вузов

Dades bibliogràfiques
Autor principal: Разин А. В. Александр Владимирович
Autor corporatiu: Московский государственный университет им. М. В. Ломоносова
Sumari:Учебник подготовлен профессором кафедры этики философского факультета Московского Государственного Университета А. В. Разиным. В нем отражается многолетняя практика преподавания курса этики в МГУ и в ряде других учебных заведений. Материал логически разделен на две части: историю этики и ее теорию. Историческая часть строится в логике рассмотрения того, как человек осознает сам себя в качестве личности через те нравственные проблемы, с которыми он сталкивается. Во второй части предлагаются ответы на те проблемные вопросы, которые формулируются в процессе исторического развития этической мысли.
Idioma:rus
Publicat: Москва, Академический проект, 2004
Edició:2-е изд., перераб.
Col·lecció:Gaudeamus
Классический университетский учебник
Matèries:
Format: Llibre
KOHA link:https://koha.lib.tpu.ru/cgi-bin/koha/opac-detail.pl?biblionumber=88514

MARC

LEADER 00000nam0a2200000 4500
001 88514
005 20231031102650.0
010 |a 5829104229 
035 |a (RuTPU)RU\TPU\book\94998 
090 |a 88514 
100 |a 20051226d2004 m y0rusy50 ca 
101 0 |a rus 
102 |a RU 
105 |a y j 000zy 
200 1 |a Этика  |e учебник для вузов  |f А. В. Разин 
205 |a 2-е изд., перераб. 
210 |a Москва  |c Академический проект  |d 2004 
215 |a 623 с. 
225 1 |a Gaudeamus 
225 1 |a Классический университетский учебник 
330 |a Учебник подготовлен профессором кафедры этики философского факультета Московского Государственного Университета А. В. Разиным. В нем отражается многолетняя практика преподавания курса этики в МГУ и в ряде других учебных заведений. Материал логически разделен на две части: историю этики и ее теорию. Историческая часть строится в логике рассмотрения того, как человек осознает сам себя в качестве личности через те нравственные проблемы, с которыми он сталкивается. Во второй части предлагаются ответы на те проблемные вопросы, которые формулируются в процессе исторического развития этической мысли. 
610 1 |a этика 
610 1 |a предмет 
610 1 |a теория 
610 1 |a мораль 
610 1 |a нравственность 
610 1 |a история 
610 1 |a античная этика 
610 1 |a средние века 
610 1 |a нравственное самосознание 
610 1 |a личность 
610 1 |a капиталистическое общество 
610 1 |a моральные ценности 
610 1 |a духовные идеалы 
610 1 |a добро 
610 1 |a зло 
610 1 |a счастье 
610 1 |a любовь 
610 1 |a справедливость 
610 1 |a добродетели 
610 1 |a гуманизм 
610 1 |a учебники 
686 |a Ю7я73  |v LBC/SL-A  |2 rubbk 
700 1 |a Разин  |b А. В.  |g Александр Владимирович 
712 0 2 |a Московский государственный университет им. М. В. Ломоносова  |2 stltpush  |3 (RuTPU)RU\TPU\col\7 
801 1 |a RU  |b 63413507  |c 20051226  |g PSBO 
801 2 |a RU  |b 63413507  |c 20120303  |g PSBO 
900 |a Этика 
900 |a Профессиональная этика и этикет 
942 |c BK 
951 |b 030100 
959 |a 118/20051223  |d 1  |e 124,52  |f НФ:1